[Event "Deutsche Ländermeisterschaft 2022"]
[Site "Wiesbaden GER"]
[Date "2022.10.01"]
[Round "2"]
[White "Falke, Ornella"]
[Black "Herrmann, Jakob"]
[Result "1-0"]
[Termination "normal"]
[Board "4.4"]
[WhiteElo "1953"]
[BlackElo "1888"]
[WhiteClock "00:09:10"]
[BlackClock "00:40:18"]
[WhiteTeam "Schleswig-Holstein"]
[BlackTeam "Mecklenburg-Vorpommern"]
[PlyCount "85"]
[WhiteFideId "16207092"]
[BlackFideId "16287169"]
[EventCountry "GER"]
[EventRounds "7"]
[EventType "team-swiss"]
[EventDate "2022.09.30"]

1. d4 {[%clk 01:30:57]} {[%emt 00:00:01]} Nf6 {[%clk 01:30:45]} {[%emt
00:00:16]} 2. c4 {[%clk 01:31:18]} {[%emt 00:00:09]} g6 {[%clk 01:30:58]}
{[%emt 00:00:17]} 3. g3 {[%clk 01:31:23]} {[%emt 00:00:24]} Bg7 {[%clk
01:31:13]} {[%emt 00:00:16]} 4. Bg2 {[%clk 01:31:44]} {[%emt 00:00:08]} O-O
{[%clk 01:31:20]} {[%emt 00:00:23]} 5. Nc3 {[%clk 01:32:06]} {[%emt 00:00:08]}
d6 {[%clk 01:31:31]} {[%emt 00:00:20]} 6. Nf3 {[%clk 01:32:18]} {[%emt
00:00:17]} Nbd7 {[%clk 01:29:47]} {[%emt 00:02:15]} 7. O-O {[%clk 01:32:28]}
{[%emt 00:00:19]} e5 {[%clk 01:29:20]} {[%emt 00:00:58]} 8. e4 {[%clk
01:32:10]} {[%emt 00:00:48]} c6 {[%clk 01:28:10]} {[%emt 00:01:41]} 9. h3
{[%clk 01:31:23]} {[%emt 00:01:15]} Qb6 {[%clk 01:27:13]} {[%emt 00:01:28]} 10.
d5 {[%clk 01:24:32]} {[%emt 00:07:21]} cxd5 {[%clk 01:26:30]} {[%emt 00:01:12]}
11. cxd5 {[%clk 01:24:26]} {[%emt 00:00:35]} Nc5 {[%clk 01:23:15]} {[%emt
00:03:45]} 12. Nd2 {[%clk 01:20:27]} {[%emt 00:04:29]} Nh5 {[%clk 01:22:07]}
{[%emt 00:01:38]} 13. Qe2 {[%clk 01:07:20]} {[%emt 00:13:37]} f5 {[%clk
01:19:22]} {[%emt 00:03:15]} 14. Nc4 {[%clk 01:06:32]} {[%emt 00:01:19]} Qa6
{[%clk 01:19:35]} {[%emt 00:00:17]} 15. b4 {[%clk 00:59:33]} {[%emt 00:07:28]}
Na4 {[%clk 01:12:36]} {[%emt 00:07:30]} 16. Nxa4 {[%clk 00:59:44]} {[%emt
00:00:19]} Qxa4 {[%clk 01:12:56]} {[%emt 00:00:09]} 17. exf5 {[%clk 00:55:01]}
{[%emt 00:05:14]} Bd7 {[%clk 00:59:05]} {[%emt 00:14:21]} 18. fxg6 {[%clk
00:48:42]} {[%emt 00:06:49]} hxg6 {[%clk 00:59:25]} {[%emt 00:00:10]} 19. Nxd6
{[%clk 00:47:46]} {[%emt 00:01:26]} Qxb4 {[%clk 00:59:37]} {[%emt 00:00:17]}
20. Ne4 {[%clk 00:35:43]} {[%emt 00:12:33]} Bb5 {[%clk 00:55:51]} {[%emt
00:04:16]} 21. Qg4 {[%clk 00:34:59]} {[%emt 00:01:14]} Bxf1 {[%clk 00:55:01]}
{[%emt 00:01:20]} 22. Nf6+ {[%clk 00:34:58]} {[%emt 00:00:31]} Nxf6 {[%clk
00:52:56]} {[%emt 00:02:36]} 23. Qxb4 {[%clk 00:35:17]} {[%emt 00:00:11]} Bxg2
{[%clk 00:53:02]} {[%emt 00:00:24]} 24. Kxg2 {[%clk 00:35:40]} {[%emt
00:00:06]} Nxd5 {[%clk 00:49:37]} {[%emt 00:03:55]} 25. Qb3 {[%clk 00:27:40]}
{[%emt 00:08:30]} Rad8 {[%clk 00:49:51]} {[%emt 00:00:16]} 26. Bg5 {[%clk
00:26:46]} {[%emt 00:01:24]} Bf6 {[%clk 00:50:12]} {[%emt 00:00:09]} 27. Rd1
{[%clk 00:26:29]} {[%emt 00:00:47]} Bxg5 {[%clk 00:49:32]} {[%emt 00:01:10]}
28. Rxd5 {[%clk 00:26:54]} {[%emt 00:00:05]} Rxd5 {[%clk 00:49:58]} {[%emt
00:00:04]} 29. Qxd5+ {[%clk 00:27:20]} {[%emt 00:00:04]} Kg7 {[%clk 00:50:16]}
{[%emt 00:00:12]} 30. Qxe5+ {[%clk 00:27:16]} {[%emt 00:00:35]} Bf6 {[%clk
00:50:35]} {[%emt 00:00:11]} 31. Qe4 {[%clk 00:26:39]} {[%emt 00:01:06]} Rf7
{[%clk 00:50:05]} {[%emt 00:00:59]} 32. h4 {[%clk 00:26:31]} {[%emt 00:00:38]}
Re7 {[%clk 00:47:13]} {[%emt 00:03:23]} 33. Qg4 {[%clk 00:26:46]} {[%emt
00:00:15]} Kh6 {[%clk 00:47:34]} {[%emt 00:00:09]} 34. Kh3 {[%clk 00:22:47]}
{[%emt 00:04:29]} Rf7 {[%clk 00:45:34]} {[%emt 00:02:31]} 35. Qc4 {[%clk
00:15:34]} {[%emt 00:07:43]} Re7 {[%clk 00:41:59]} {[%emt 00:04:05]} 36. g4
{[%clk 00:14:29]} {[%emt 00:01:34]} Kg7 {[%clk 00:41:07]} {[%emt 00:01:22]} 37.
g5 {[%clk 00:13:32]} {[%emt 00:01:28]} Ba1 {[%clk 00:39:47]} {[%emt 00:01:50]}
38. Qc5 {[%clk 00:12:55]} {[%emt 00:01:07]} Rf7 {[%clk 00:40:01]} {[%emt
00:00:16]} 39. Qxa7 {[%clk 00:12:51]} {[%emt 00:00:34]} Be5 {[%clk 00:40:06]}
{[%emt 00:00:24]} 40. Qc5 {[%clk 00:12:40]} {[%emt 00:00:40]} Bf4 {[%clk
00:40:01]} {[%emt 00:00:35]} 41. Qd4+ {[%clk 00:11:08]} {[%emt 00:02:01]} Kh7
{[%clk 00:40:18]} {[%emt 00:00:14]} 42. Qe4 {[%clk 00:09:19]} {[%emt 00:02:19]}
Kg7 {[%clk 00:40:18]} {[%emt 00:00:30]} 43. Kg4 {[%clk 00:09:10]} {[%emt
00:00:39]} 1-0

[Event "Deutsche Ländermeisterschaft 2022"]
[Site "Wiesbaden GER"]
[Date "2022.10.01"]
[Round "2"]
[White "Müller, Sophie Charlotte"]
[Black "Malinowsky, Levi"]
[Result "0-1"]
[Termination "normal"]
[Board "4.5"]
[WhiteElo "1435"]
[BlackElo "1879"]
[WhiteClock "00:28:31"]
[BlackClock "00:31:33"]
[WhiteTeam "Mecklenburg-Vorpommern"]
[BlackTeam "Schleswig-Holstein"]
[PlyCount "98"]
[WhiteFideId "16246683"]
[BlackFideId "16253094"]
[EventCountry "GER"]
[EventRounds "7"]
[EventType "team-swiss"]
[EventDate "2022.09.30"]

1. e4 {[%clk 01:30:57]} {[%emt 00:00:02]} c5 {[%clk 01:30:51]} {[%emt
00:00:09]} 2. d3 {[%clk 01:31:22]} {[%emt 00:00:05]} Nc6 {[%clk 01:30:40]}
{[%emt 00:00:40]} 3. Nd2 {[%clk 01:31:18]} {[%emt 00:00:34]} d6 {[%clk
01:29:29]} {[%emt 00:01:42]} 4. g3 {[%clk 01:31:40]} {[%emt 00:00:08]} g6
{[%clk 01:28:36]} {[%emt 00:01:23]} 5. Bg2 {[%clk 01:31:57]} {[%emt 00:00:13]}
Bg7 {[%clk 01:28:59]} {[%emt 00:00:06]} 6. Ngf3 {[%clk 01:32:03]} {[%emt
00:00:24]} e5 {[%clk 01:27:37]} {[%emt 00:01:53]} 7. O-O {[%clk 01:31:54]}
{[%emt 00:00:39]} f5 {[%clk 01:26:36]} {[%emt 00:01:30]} 8. exf5 {[%clk
01:22:46]} {[%emt 00:09:38]} Bxf5 {[%clk 01:26:53]} {[%emt 00:00:13]} 9. Re1
{[%clk 01:17:45]} {[%emt 00:05:31]} Qd7 {[%clk 01:23:53]} {[%emt 00:03:30]} 10.
Ne4 {[%clk 01:08:48]} {[%emt 00:09:27]} O-O-O {[%clk 01:21:43]} {[%emt
00:02:40]} 11. Bg5 {[%clk 01:05:16]} {[%emt 00:04:03]} Rf8 {[%clk 01:19:47]}
{[%emt 00:02:25]} 12. Nfd2 {[%clk 00:57:15]} {[%emt 00:08:31]} h6 {[%clk
01:17:50]} {[%emt 00:02:28]} 13. Be3 {[%clk 00:54:32]} {[%emt 00:03:13]} Nf6
{[%clk 01:11:11]} {[%emt 00:07:09]} 14. Nc4 {[%clk 00:52:14]} {[%emt 00:02:48]}
Ne8 {[%clk 01:09:06]} {[%emt 00:02:34]} 15. a4 {[%clk 00:48:35]} {[%emt
00:04:10]} b6 {[%clk 01:04:32]} {[%emt 00:05:05]} 16. Nc3 {[%clk 00:45:43]}
{[%emt 00:03:21]} Nf6 {[%clk 00:56:05]} {[%emt 00:08:57]} 17. Nb5 {[%clk
00:38:49]} {[%emt 00:07:24]} d5 {[%clk 00:52:28]} {[%emt 00:04:07]} 18. a5
{[%clk 00:27:40]} {[%emt 00:11:39]} Nxa5 {[%clk 00:46:17]} {[%emt 00:06:40]}
19. Nxa5 {[%clk 00:26:37]} {[%emt 00:01:34]} Qxb5 {[%clk 00:44:43]} {[%emt
00:02:05]} 20. Nb3 {[%clk 00:26:47]} {[%emt 00:00:20]} a5 {[%clk 00:43:19]}
{[%emt 00:01:53]} 21. Bxc5 {[%clk 00:21:14]} {[%emt 00:06:03]} bxc5 {[%clk
00:41:41]} {[%emt 00:02:07]} 22. Rxa5 {[%clk 00:21:36]} {[%emt 00:00:08]} Qb6
{[%clk 00:40:56]} {[%emt 00:01:08]} 23. Rxc5+ {[%clk 00:21:58]} {[%emt
00:00:15]} Kb8 {[%clk 00:40:11]} {[%emt 00:01:15]} 24. c4 {[%clk 00:16:59]}
{[%emt 00:05:30]} Bd7 {[%clk 00:36:55]} {[%emt 00:03:46]} 25. d4 {[%clk
00:10:30]} {[%emt 00:06:59]} Ba4 {[%clk 00:34:41]} {[%emt 00:02:42]} 26. Qd3
{[%clk 00:05:20]} {[%emt 00:05:42]} e4 {[%clk 00:27:19]} {[%emt 00:07:53]} 27.
Qc3 {[%clk 00:05:18]} {[%emt 00:00:31]} Rc8 {[%clk 00:19:52]} {[%emt 00:07:57]}
28. Rxc8+ {[%clk 00:04:44]} {[%emt 00:01:05]} Rxc8 {[%clk 00:18:41]} {[%emt
00:01:40]} 29. Nc5 {[%clk 00:04:55]} {[%emt 00:00:19]} Bc6 {[%clk 00:16:20]}
{[%emt 00:02:51]} 30. b4 {[%clk 00:04:34]} {[%emt 00:00:52]} dxc4 {[%clk
00:08:31]} {[%emt 00:08:20]} 31. Qxc4 {[%clk 00:03:41]} {[%emt 00:01:22]} Bd5
{[%clk 00:06:15]} {[%emt 00:02:45]} 32. Qc3 {[%clk 00:03:17]} {[%emt 00:00:54]}
Bc6 {[%clk 00:05:05]} {[%emt 00:01:41]} 33. Ra1 {[%clk 00:03:11]} {[%emt
00:00:36]} Re8 {[%clk 00:03:14]} {[%emt 00:02:21]} 34. Ra6 {[%clk 00:02:59]}
{[%emt 00:00:42]} Qc7 {[%clk 00:02:47]} {[%emt 00:00:57]} 35. b5 {[%clk
00:02:00]} {[%emt 00:01:29]} Bb7 {[%clk 00:01:54]} {[%emt 00:01:23]} 36. Ra3
{[%clk 00:02:05]} {[%emt 00:00:25]} Nd5 {[%clk 00:01:32]} {[%emt 00:00:52]} 37.
Qb2 {[%clk 00:01:41]} {[%emt 00:00:52]} Qxc5 {[%clk 00:01:27]} {[%emt
00:00:37]} 38. dxc5 {[%clk 00:01:14]} {[%emt 00:00:56]} Bxb2 {[%clk 00:01:51]}
{[%emt 00:00:07]} 39. Rb3 {[%clk 00:01:16]} {[%emt 00:00:28]} Bd4 {[%clk
00:01:56]} {[%emt 00:00:25]} 40. c6 {[%clk 00:01:32]} {[%emt 00:00:13]} Bc8
{[%clk 00:02:15]} {[%emt 00:00:10]} 41. Rb1 {[%clk 00:29:35]} {[%emt 00:02:28]}
e3 {[%clk 00:31:38]} {[%emt 00:01:08]} 42. fxe3 {[%clk 00:29:23]} {[%emt
00:00:42]} Nxe3 {[%clk 00:32:01]} {[%emt 00:00:08]} 43. Kh1 {[%clk 00:28:29]}
{[%emt 00:01:24]} Nxg2 {[%clk 00:32:14]} {[%emt 00:00:18]} 44. Kxg2 {[%clk
00:28:57]} {[%emt 00:00:02]} h5 {[%clk 00:32:26]} {[%emt 00:00:17]} 45. b6
{[%clk 00:27:57]} {[%emt 00:01:29]} Re2+ {[%clk 00:32:34]} {[%emt 00:00:23]}
46. Kf3 {[%clk 00:28:01]} {[%emt 00:00:26]} Bg4+ {[%clk 00:32:56]} {[%emt
00:00:07]} 47. Kf4 {[%clk 00:28:20]} {[%emt 00:00:12]} Bf6 {[%clk 00:32:32]}
{[%emt 00:00:54]} 48. h4 {[%clk 00:28:17]} {[%emt 00:00:34]} g5+ {[%clk
00:31:33]} {[%emt 00:01:29]} 49. hxg5 {[%clk 00:28:31]} {[%emt 00:00:16]} Be5#
{[%emt 00:00:05]} 0-1

[Event "Deutsche Ländermeisterschaft 2022"]
[Site "Wiesbaden GER"]
[Date "2022.10.01"]
[Round "2"]
[White "Bräutigam, Katerina"]
[Black "Köpnick, Amanda"]
[Result "1-0"]
[Termination "normal"]
[Board "4.6"]
[WhiteElo "1873"]
[BlackElo "1244"]
[WhiteClock "00:01:17"]
[BlackClock "00:01:23"]
[WhiteTeam "Schleswig-Holstein"]
[BlackTeam "Mecklenburg-Vorpommern"]
[PlyCount "71"]
[WhiteFideId "16242980"]
[BlackFideId "34618538"]
[EventCountry "GER"]
[EventRounds "7"]
[EventType "team-swiss"]
[EventDate "2022.09.30"]

1. e4 {[%clk 01:30:57]} {[%emt 00:00:02]} e5 {[%clk 01:30:51]} {[%emt
00:00:09]} 2. Nf3 {[%clk 01:31:23]} {[%emt 00:00:04]} Nc6 {[%clk 01:31:06]}
{[%emt 00:00:15]} 3. Bb5 {[%clk 01:31:48]} {[%emt 00:00:05]} a6 {[%clk
01:31:03]} {[%emt 00:00:33]} 4. Ba4 {[%clk 01:32:12]} {[%emt 00:00:06]} Nf6
{[%clk 01:30:31]} {[%emt 00:01:02]} 5. O-O {[%clk 01:32:32]} {[%emt 00:00:10]}
b5 {[%clk 01:28:36]} {[%emt 00:02:25]} 6. Bb3 {[%clk 01:32:55]} {[%emt
00:00:06]} Be7 {[%clk 01:28:41]} {[%emt 00:00:26]} 7. d3 {[%clk 01:32:43]}
{[%emt 00:00:42]} O-O {[%clk 01:28:40]} {[%emt 00:00:31]} 8. Re1 {[%clk
01:31:09]} {[%emt 00:02:03]} Bb7 {[%clk 01:28:23]} {[%emt 00:00:48]} 9. Nbd2
{[%clk 01:30:23]} {[%emt 00:01:16]} d6 {[%clk 01:27:20]} {[%emt 00:01:34]} 10.
c3 {[%clk 01:29:23]} {[%emt 00:01:29]} Na5 {[%clk 01:21:19]} {[%emt 00:06:31]}
11. Bc2 {[%clk 01:28:07]} {[%emt 00:01:46]} Qd7 {[%clk 01:12:40]} {[%emt
00:09:09]} 12. Nf1 {[%clk 01:26:36]} {[%emt 00:02:01]} Nc6 {[%clk 00:59:30]}
{[%emt 00:13:41]} 13. Ng3 {[%clk 01:18:22]} {[%emt 00:08:43]} Bd8 {[%clk
00:48:40]} {[%emt 00:11:21]} 14. h3 {[%clk 01:11:33]} {[%emt 00:07:18]} Ne7
{[%clk 00:45:53]} {[%emt 00:03:17]} 15. d4 {[%clk 01:08:08]} {[%emt 00:03:55]}
Ng6 {[%clk 00:43:37]} {[%emt 00:02:47]} 16. Be3 {[%clk 00:41:41]} {[%emt
00:26:56]} Re8 {[%clk 00:40:24]} {[%emt 00:03:43]} 17. d5 {[%clk 00:38:08]}
{[%emt 00:04:03]} Ne7 {[%clk 00:30:31]} {[%emt 00:10:23]} 18. Bg5 {[%clk
00:24:35]} {[%emt 00:14:03]} Ng6 {[%clk 00:30:13]} {[%emt 00:00:48]} 19. Qd2
{[%clk 00:19:03]} {[%emt 00:06:02]} Kh8 {[%clk 00:21:04]} {[%emt 00:09:39]} 20.
Rad1 {[%clk 00:12:49]} {[%emt 00:06:44]} Kg8 {[%clk 00:20:01]} {[%emt
00:01:33]} 21. c4 {[%clk 00:05:50]} {[%emt 00:07:29]} Ra7 {[%clk 00:16:41]}
{[%emt 00:03:50]} 22. Qb4 {[%clk 00:03:58]} {[%emt 00:02:23]} Be7 {[%clk
00:11:24]} {[%emt 00:05:47]} 23. Nf5 {[%clk 00:01:27]} {[%emt 00:03:00]} Raa8
{[%clk 00:10:59]} {[%emt 00:00:56]} 24. a4 {[%clk 00:00:56]} {[%emt 00:01:01]}
bxc4 {[%clk 00:10:10]} {[%emt 00:01:19]} 25. Qxb7 {[%clk 00:00:55]} {[%emt
00:00:30]} Reb8 {[%clk 00:08:30]} {[%emt 00:02:10]} 26. Qc6 {[%clk 00:01:06]}
{[%emt 00:00:19]} Qxc6 {[%clk 00:07:46]} {[%emt 00:01:14]} 27. dxc6 {[%clk
00:01:33]} {[%emt 00:00:03]} Rxb2 {[%clk 00:07:15]} {[%emt 00:01:00]} 28. Rc1
{[%clk 00:01:30]} {[%emt 00:00:33]} Rb6 {[%clk 00:06:21]} {[%emt 00:01:25]} 29.
Bd1 {[%clk 00:00:59]} {[%emt 00:01:01]} Rxc6 {[%clk 00:05:58]} {[%emt
00:00:54]} 30. Nd2 {[%clk 00:00:44]} {[%emt 00:00:45]} h6 {[%clk 00:02:17]}
{[%emt 00:04:11]} 31. Nxe7+ {[%clk 00:00:39]} {[%emt 00:00:34]} Nxe7 {[%clk
00:02:19]} {[%emt 00:00:28]} 32. Bxf6 {[%clk 00:01:07]} {[%emt 00:00:02]} gxf6
{[%clk 00:02:31]} {[%emt 00:00:19]} 33. Nxc4 {[%clk 00:00:36]} {[%emt
00:01:01]} Rb8 {[%clk 00:01:25]} {[%emt 00:01:36]} 34. Bf3 {[%clk 00:00:36]}
{[%emt 00:00:29]} f5 {[%clk 00:00:58]} {[%emt 00:00:57]} 35. exf5 {[%clk
00:00:54]} {[%emt 00:00:12]} Nxf5 {[%clk 00:01:23]} {[%emt 00:00:06]} 36. Bxc6
{[%clk 00:01:17]} {[%emt 00:00:06]} 1-0

[Event "Deutsche Ländermeisterschaft 2022"]
[Site "Wiesbaden GER"]
[Date "2022.10.01"]
[Round "2"]
[White "Kutz, Ida Klara"]
[Black "Chandrasekher, Ritu"]
[Result "1-0"]
[Termination "normal"]
[Board "4.8"]
[WhiteElo "1411"]
[BlackElo "1262"]
[WhiteClock "00:46:04"]
[BlackClock "00:27:56"]
[WhiteTeam "Schleswig-Holstein"]
[BlackTeam "Mecklenburg-Vorpommern"]
[PlyCount "146"]
[WhiteFideId "16296257"]
[BlackFideId "34609024"]
[EventCountry "GER"]
[EventRounds "7"]
[EventType "team-swiss"]
[EventDate "2022.09.30"]

1. c4 {[%clk 01:30:57]} {[%emt 00:00:02]} e5 {[%clk 01:30:51]} {[%emt
00:00:09]} 2. Nc3 {[%clk 01:31:13]} {[%emt 00:00:14]} Nf6 {[%clk 01:31:11]}
{[%emt 00:00:09]} 3. Nf3 {[%clk 01:31:28]} {[%emt 00:00:15]} Nc6 {[%clk
01:31:34]} {[%emt 00:00:08]} 4. g3 {[%clk 01:30:36]} {[%emt 00:01:21]} d5
{[%clk 01:31:37]} {[%emt 00:00:26]} 5. cxd5 {[%clk 01:30:43]} {[%emt 00:00:23]}
Nxd5 {[%clk 01:31:38]} {[%emt 00:00:29]} 6. Bg2 {[%clk 01:30:00]} {[%emt
00:01:12]} Nb6 {[%clk 01:31:21]} {[%emt 00:00:47]} 7. O-O {[%clk 01:29:42]}
{[%emt 00:00:49]} Be7 {[%clk 01:31:05]} {[%emt 00:00:45]} 8. e3 {[%clk
01:28:25]} {[%emt 00:01:47]} O-O {[%clk 01:30:21]} {[%emt 00:01:13]} 9. d4
{[%clk 01:27:27]} {[%emt 00:01:30]} Bd6 {[%clk 01:28:11]} {[%emt 00:02:39]} 10.
dxe5 {[%clk 01:25:56]} {[%emt 00:02:02]} Nxe5 {[%clk 01:25:36]} {[%emt
00:03:04]} 11. Ne4 {[%clk 01:22:33]} {[%emt 00:03:53]} Nxf3+ {[%clk 01:21:29]}
{[%emt 00:04:37]} 12. Bxf3 {[%clk 01:21:17]} {[%emt 00:01:46]} Be7 {[%clk
01:19:11]} {[%emt 00:02:49]} 13. b3 {[%clk 01:19:03]} {[%emt 00:02:44]} Bf5
{[%clk 01:14:20]} {[%emt 00:05:19]} 14. Bb2 {[%clk 01:17:30]} {[%emt 00:02:04]}
Re8 {[%clk 01:04:36]} {[%emt 00:10:14]} 15. Qd4 {[%clk 01:15:04]} {[%emt
00:02:55]} Qxd4 {[%clk 01:02:04]} {[%emt 00:03:03]} 16. Bxd4 {[%clk 01:15:18]}
{[%emt 00:00:16]} Bb4 {[%clk 00:57:59]} {[%emt 00:04:35]} 17. Nc5 {[%clk
01:09:48]} {[%emt 00:05:58]} Bxc5 {[%clk 00:56:20]} {[%emt 00:02:11]} 18. Bxc5
{[%clk 01:08:23]} {[%emt 00:01:56]} c6 {[%clk 00:55:14]} {[%emt 00:01:37]} 19.
Rfd1 {[%clk 01:06:14]} {[%emt 00:02:38]} Rad8 {[%clk 00:52:31]} {[%emt
00:03:13]} 20. Rd4 {[%clk 01:05:30]} {[%emt 00:01:15]} Rxd4 {[%clk 00:50:51]}
{[%emt 00:02:10]} 21. Bxd4 {[%clk 01:05:14]} {[%emt 00:00:46]} Rd8 {[%clk
00:48:58]} {[%emt 00:02:23]} 22. Rc1 {[%clk 01:04:51]} {[%emt 00:00:53]} h6
{[%clk 00:48:10]} {[%emt 00:01:18]} 23. Rc5 {[%clk 01:03:03]} {[%emt 00:02:17]}
Bb1 {[%clk 00:44:24]} {[%emt 00:04:17]} 24. a3 {[%clk 01:02:16]} {[%emt
00:01:18]} Ba2 {[%clk 00:43:46]} {[%emt 00:01:07]} 25. b4 {[%clk 01:00:48]}
{[%emt 00:02:00]} Bd5 {[%clk 00:42:53]} {[%emt 00:01:21]} 26. Be2 {[%clk
01:00:13]} {[%emt 00:01:05]} Nc8 {[%clk 00:39:26]} {[%emt 00:03:57]} 27. Bd3
{[%clk 00:58:39]} {[%emt 00:02:04]} b6 {[%clk 00:39:00]} {[%emt 00:00:57]} 28.
Rc1 {[%clk 00:58:27]} {[%emt 00:00:39]} Nd6 {[%clk 00:37:35]} {[%emt 00:01:57]}
29. Kf1 {[%clk 00:54:20]} {[%emt 00:04:35]} Ne4 {[%clk 00:36:35]} {[%emt
00:01:32]} 30. Ke2 {[%clk 00:53:43]} {[%emt 00:01:08]} Ng5 {[%clk 00:30:04]}
{[%emt 00:07:01]} 31. Bc4 {[%clk 00:47:49]} {[%emt 00:06:24]} Bf3+ {[%clk
00:28:29]} {[%emt 00:02:05]} 32. Ke1 {[%clk 00:42:49]} {[%emt 00:05:29]} Be4
{[%clk 00:25:52]} {[%emt 00:03:08]} 33. Be2 {[%clk 00:40:22]} {[%emt 00:02:57]}
Bf3 {[%clk 00:23:13]} {[%emt 00:03:08]} 34. h4 {[%clk 00:38:48]} {[%emt
00:02:06]} Bxe2 {[%clk 00:21:56]} {[%emt 00:01:47]} 35. hxg5 {[%clk 00:37:41]}
{[%emt 00:01:37]} Bf3 {[%clk 00:21:40]} {[%emt 00:00:46]} 36. gxh6 {[%clk
00:37:20]} {[%emt 00:00:51]} gxh6 {[%clk 00:21:59]} {[%emt 00:00:11]} 37. Kd2
{[%clk 00:35:23]} {[%emt 00:02:28]} a5 {[%clk 00:19:59]} {[%emt 00:02:30]} 38.
bxa5 {[%clk 00:35:23]} {[%emt 00:00:30]} c5 {[%clk 00:19:21]} {[%emt 00:01:08]}
39. axb6 {[%clk 00:35:15]} {[%emt 00:00:38]} cxd4 {[%clk 00:18:37]} {[%emt
00:01:14]} 40. exd4 {[%clk 00:35:08]} {[%emt 00:00:37]} Bb7 {[%clk 00:18:37]}
{[%emt 00:00:30]} 41. Ke3 {[%clk 00:35:03]} {[%emt 00:00:29]} Rd6 {[%clk
00:17:32]} {[%emt 00:01:40]} 42. Rb1 {[%clk 00:34:54]} {[%emt 00:00:39]} Re6+
{[%clk 00:17:40]} {[%emt 00:00:23]} 43. Kd2 {[%clk 00:35:00]} {[%emt 00:00:23]}
Rd6 {[%clk 00:16:59]} {[%emt 00:01:11]} 44. Rb4 {[%clk 00:34:24]} {[%emt
00:01:06]} Kf8 {[%clk 00:14:44]} {[%emt 00:02:45]} 45. a4 {[%clk 00:31:05]}
{[%emt 00:03:49]} Rd5 {[%clk 00:14:25]} {[%emt 00:00:50]} 46. Kc3 {[%clk
00:29:48]} {[%emt 00:01:48]} Ke7 {[%clk 00:14:29]} {[%emt 00:00:25]} 47. Rc4
{[%clk 00:28:25]} {[%emt 00:01:53]} Rd7 {[%clk 00:11:38]} {[%emt 00:03:21]} 48.
Kb4 {[%clk 00:26:16]} {[%emt 00:02:39]} Kd6 {[%clk 00:11:00]} {[%emt 00:01:06]}
49. Rc5 {[%clk 00:26:22]} {[%emt 00:00:25]} Ke6 {[%clk 00:09:25]} {[%emt
00:02:05]} 50. Kc4 {[%clk 00:25:37]} {[%emt 00:01:15]} Rd6 {[%clk 00:08:20]}
{[%emt 00:01:35]} 51. a5 {[%clk 00:25:04]} {[%emt 00:01:02]} Ba6+ {[%clk
00:08:02]} {[%emt 00:00:47]} 52. Kc3 {[%clk 00:24:11]} {[%emt 00:01:24]} Rd5
{[%clk 00:07:20]} {[%emt 00:01:13]} 53. f4 {[%clk 00:17:40]} {[%emt 00:07:01]}
Rxc5+ {[%clk 00:06:41]} {[%emt 00:01:08]} 54. dxc5 {[%clk 00:18:01]} {[%emt
00:00:11]} Kd5 {[%clk 00:06:03]} {[%emt 00:01:07]} 55. Kd2 {[%clk 00:17:16]}
{[%emt 00:01:15]} Kxc5 {[%clk 00:05:37]} {[%emt 00:00:56]} 56. Ke3 {[%clk
00:17:19]} {[%emt 00:00:27]} h5 {[%clk 00:03:23]} {[%emt 00:02:44]} 57. Ke4
{[%clk 00:17:14]} {[%emt 00:00:35]} f6 {[%clk 00:03:19]} {[%emt 00:00:34]} 58.
Kf5 {[%clk 00:17:07]} {[%emt 00:00:37]} Kd4 {[%clk 00:01:39]} {[%emt 00:02:10]}
59. Kxf6 {[%clk 00:16:18]} {[%emt 00:01:19]} Ke4 {[%clk 00:01:06]} {[%emt
00:01:02]} 60. Kg5 {[%clk 00:16:03]} {[%emt 00:00:45]} Kf3 {[%clk 00:30:26]}
{[%emt 00:01:10]} 61. Kxh5 {[%clk 00:45:55]} {[%emt 00:00:39]} Kxg3 {[%clk
00:30:27]} {[%emt 00:00:29]} 62. f5 {[%clk 00:44:32]} {[%emt 00:01:54]} Kf4
{[%clk 00:29:55]} {[%emt 00:01:01]} 63. Kg6 {[%clk 00:44:40]} {[%emt 00:00:22]}
Bc8 {[%clk 00:28:59]} {[%emt 00:01:26]} 64. f6 {[%clk 00:44:50]} {[%emt
00:00:20]} Bf5+ {[%clk 00:28:07]} {[%emt 00:01:22]} 65. Kg7 {[%clk 00:45:07]}
{[%emt 00:00:14]} Be6 {[%clk 00:28:09]} {[%emt 00:00:27]} 66. b7 {[%clk
00:45:10]} {[%emt 00:00:26]} Ke4 {[%clk 00:27:48]} {[%emt 00:00:50]} 67. b8=Q
{[%clk 00:45:23]} {[%emt 00:00:18]} Kd4 {[%clk 00:27:55]} {[%emt 00:00:22]} 68.
f7 {[%clk 00:45:25]} {[%emt 00:00:29]} Kd5 {[%clk 00:27:56]} {[%emt 00:00:29]}
69. Kf6 {[%clk 00:45:28]} {[%emt 00:00:27]} Bd7 {[%clk 00:27:53]} {[%emt
00:00:32]} 70. Qe5+ {[%clk 00:45:38]} {[%emt 00:00:21]} Kc6 {[%clk 00:28:06]}
{[%emt 00:00:17]} 71. f8=Q {[%clk 00:45:37]} {[%emt 00:00:31]} Kb7 {[%clk
00:27:53]} {[%emt 00:00:42]} 72. Qfb8+ {[%clk 00:45:49]} {[%emt 00:00:18]} Kc6
{[%clk 00:27:56]} {[%emt 00:00:26]} 73. Qbc7# {[%clk 00:46:04]} {[%emt
00:00:15]} Kd5 {[%emt 00:00:49]} 1-0